| 000 | 01404nac a22003011i 4500 | ||
|---|---|---|---|
| 003 | EG-ScBUE | ||
| 005 | 20231217110035.0 | ||
| 008 | 101104s1997 sy f b 001 0 ara d | ||
| 040 |
_aEG-ScBUE _bara _erda _cEG-ScBUE _dEG-ScBUE |
||
| 041 | 1 |
_aara _heng |
|
| 043 | _aa-sy--- | ||
| 082 | 0 | 4 |
_a956.502 _bخ و ر _222 |
| 100 | 1 |
_aخوري، فيليب، _eمؤلف. _920986 |
|
| 240 | 1 | 0 |
_aSyria and the French mandate : the politics of Arab nationalism 1920-1945. _lArabic |
| 245 | 1 | 0 |
_aسوريا والانتداب الفرنسي : _bسياسة القومية العربية 1920-1945 / _cفيليب خوري ؛ ترجمة مؤسسة الأبحاث العربية. |
| 250 | _aالطبعة العربية الأولى. | ||
| 264 | 1 |
_aبيروت : _bمؤسسة الأبحاث العربية، _c1997. |
|
| 300 |
_a751 صفحة ؛ _c24 سم |
||
| 336 |
_2rdacontent _aنص _btxt |
||
| 337 |
_aبدون وسيط _2rdamedia _bn |
||
| 338 |
_aمجلد _bnc _2rdacarrier |
||
| 504 | _aيشتمل على إرجاعات ببليوجرافية وكشافات. | ||
| 546 | _aالنص باللغة العربية وتم ترجمته من اللغة الإنجليزية. | ||
| 651 | 7 |
_921488 _aسوريا _xتاريخ _yالعصر الحديث _y الاحتلال الفرنسي - 1920-1946. _2BUEsh |
|
| 655 | _vReading book | ||
| 710 | 2 |
_aمؤسسة الأبحاث العربية، _eمترجم. |
|
| 942 |
_cBB _2ddc |
||
| 999 |
_c7903 _d7903 |
||